[Event "escc2023_50"]
[Site "?"]
[Date "2023.05.29"]
[Round "4.27"]
[White "Cardili, Mariano"]
[Black "Riekenbrauk, Joerg"]
[Result "1-0"]
[BlackElo "1917"]
[WhiteElo "2038"]
[LiveChessVersion "1.4.8"]

1. d4 {[%clk 1:30:52]} d5 {[%clk 1:30:54]} 2. c4 {[%clk 1:31:16]} dxc4
{[%clk 1:31:15]} 3. Nf3 {[%clk 1:31:25]} Nf6 {[%clk 1:31:36]} 4. e3
{[%clk 1:31:45]} e6 {[%clk 1:32:02]} 5. Bxc4 {[%clk 1:31:53]} a6 {[%clk 1:32:15]}
6. O-O {[%clk 1:29:50]} c5 {[%clk 1:32:38]} 7. Bb3 {[%clk 1:28:56]} Nc6
{[%clk 1:32:38]} 8. Qe2 {[%clk 1:28:35]} cxd4 {[%clk 1:28:16]} 9. Rd1
{[%clk 1:28:50]} Qc7 {[%clk 1:26:18]} 10. exd4 {[%clk 1:28:43]} Be7
{[%clk 1:26:05]} 11. Nc3 {[%clk 1:28:01]} O-O {[%clk 1:25:33]} 12. Bg5
{[%clk 1:23:48]} Rd8 {[%clk 1:19:30]} 13. Rac1 {[%clk 1:07:32]} Qa5
{[%clk 0:57:11]} 14. d5 {[%clk 0:45:58]} Nxd5 {[%clk 0:55:36]} 15. Nxd5
{[%clk 0:43:39]} Bxg5 {[%clk 0:55:36]} 16. Nxg5 {[%clk 0:43:47]} h6
{[%clk 0:54:50]} 17. Nxf7 {[%clk 0:37:20]} Kxf7 {[%clk 0:55:15]} 18. Nf4
{[%clk 0:29:07]} Qf5 {[%clk 0:53:58]} 19. Rxd8 {[%clk 0:26:33]} Nxd8
{[%clk 0:54:05]} 20. g3 {[%clk 0:25:17]} g5 {[%clk 0:41:26]} 21. Rc7+
{[%clk 0:21:36]} Kf8 {[%clk 0:41:42]} 22. Bc2 {[%clk 0:20:09]} Qf6
{[%clk 0:37:52]} 23. Ng6+ {[%clk 0:19:44]} Ke8 {[%clk 0:37:50]} 24. Ne5
{[%clk 0:16:52]} 1-0

[Event "escc2023_50"]
[Site "?"]
[Date "2023.05.29"]
[Round "4.28"]
[White "Melero Sanchez, Pere"]
[Black "Zimmermann, Luc"]
[Result "1/2-1/2"]
[BlackElo "2037"]
[WhiteElo "1890"]
[LiveChessVersion "1.4.8"]

1. d4 {[%clk 1:30:57]} Nf6 {[%clk 1:30:57]} 2. c4 {[%clk 1:31:22]} g6
{[%clk 1:31:19]} 3. Nc3 {[%clk 1:31:45]} Bg7 {[%clk 1:31:41]} 4. e4
{[%clk 1:31:53]} d6 {[%clk 1:32:05]} 5. Nf3 {[%clk 1:32:05]} O-O {[%clk 1:31:58]}
6. Be2 {[%clk 1:32:32]} e5 {[%clk 1:31:54]} 7. O-O {[%clk 1:32:57]} Nbd7
{[%clk 1:31:59]} 8. Qc2 {[%clk 1:32:26]} c6 {[%clk 1:30:39]} 9. d5
{[%clk 1:32:19]} c5 {[%clk 1:30:32]} 10. Bg5 {[%clk 1:31:48]} a6 {[%clk 1:27:41]}
11. a4 {[%clk 1:31:39]} a5 {[%clk 1:20:52]} 12. Kh1 {[%clk 1:30:46]} h6
{[%clk 1:15:03]} 13. Bd2 {[%clk 1:31:03]} Ne8 {[%clk 1:11:06]} 14. g3
{[%clk 1:28:28]} Nb8 {[%clk 0:45:48]} 15. Ng1 {[%clk 1:28:25]} Na6
{[%clk 0:38:22]} 16. Rae1 {[%clk 1:28:30]} Nb4 {[%clk 0:37:18]} 17. Qc1
{[%clk 1:25:09]} Kh7 {[%clk 0:37:26]} 18. f4 {[%clk 1:21:15]} f5 {[%clk 0:34:31]}
19. fxe5 {[%clk 1:17:39]} dxe5 {[%clk 0:34:32]} 20. Qb1 {[%clk 1:05:50]} Nd6
{[%clk 0:30:11]} 21. b3 {[%clk 0:59:56]} b6 {[%clk 0:19:42]} 22. Bf3
{[%clk 0:55:36]} Ra7 {[%clk 0:18:58]} 23. Nb5 {[%clk 0:46:17]} Raf7
{[%clk 0:19:25]} 24. Nxd6 {[%clk 0:44:57]} Qxd6 {[%clk 0:19:51]} 25. Ne2
{[%clk 0:40:16]} Bd7 1/2-1/2